chemische stoffen met triviale namen - Statistieken

Algemene statistieken
  • Deze quiz is 18 keer genomen
    14 sinds de laatste reset
  • De gemiddelde score is 18 van 69
Antwoordstatistieken
Hint Antwoord % Correct
koolstofmonoxide CO
86%
koolstofdioxide CO2
86%
waterstof H2
86%
zuurstof O2
79%
waterstofchloride HCl
64%
chloride cl-
57%
fluoride F-
57%
zwavelzuur H2SO4
57%
kaliumchloride KCl
57%
natriumchloride NaCl
57%
bromide Br-
50%
fosforzuur H3PO4
50%
nitraat NO3-
50%
aluminiumoxide Al2O3
43%
ethyleengas C2H4
43%
calciumcarbonaat CaCO3
43%
hypochloriet ClO-
43%
waterstofbromide HBr
43%
salpeterzuur HNO3
43%
iodide I-
43%
nitriet NO2-
43%
methaan CH4
36%
waterstoffluoride HF
36%
waterstofiodide HI
36%
chloraat ClO3-
29%
perchloraat ClO4-
29%
zwaveligzuur H2SO3
29%
hypochlorigzuur HClO
29%
salpeterigzuur HNO2
29%
natriumcarbonaat Na2CO3
29%
natriumhydroxide NaOH
29%
propaan C3H8
21%
octaan C8H18
21%
chloriet ClO2-
21%
koomzuur H2CO3
21%
chlorigzuur HClO2
21%
chloorzuur HClO3
21%
perchloorzuur HClO4
21%
magnesiumcarbonaat MgCO3
21%
natriumhypochloriet NaClO
21%
natriumbicarbonaat NaHCO3
21%
cyanide CN-
14%
carbonaat CO3 2-
14%
blauwzuur HCN
14%
kaliumchloraat KClO3
14%
triviale naam keukenzout
7%
fosfaat PO4 3-
7%
siliciumdioxide Si02
7%
sulfiet SO3 2-
7%
sulfaat SO4 2-
7%
triviale naam zoutzuur
7%
deuterium 2,1H
0%
triviale naam aardgas
0%
triviale naam1 alumina
0%
triviale naam antivries
0%
triviale naam bakpoeder
0%
triviale naam3 bauxiet
0%
ethanol C2H6O
0%
ethyleenglycol C2H6O2
0%
methyleenchloride CH2Cl2
0%
germaan GeH4
0%
triviale naam javel
0%
triviale naam kalksteen
0%
triviale naam2 korund
0%
silaan SiH4
0%
triviale naam2 silica
0%
triviale naam syngas
0%
triviale naam1 zand
0%
triviale naam zwaar water
0%
Geen overeenkomende quizzen gevonden
Scoreverdeling
Procent van Mensen met Elke Score
Percentiel versus Aantal Correcte Antwoorden
Uw Scoregeschiedenis
U heeft deze quiz nog niet genomen sinds de laatste reset